000 00537nam a22001937a 4500
003 KOHA_MİRAKIL
005 20250416183332.0
008 250416b tu ||||| |||| 00| 0 tur d
020 _a9789750740886
040 _aTR-AnABB
_btur
_cTR-AnABB
041 _atur
082 _a843.9
_bFOU 2022
100 1 _aFournier, Henri-Alban
_d1886-1920
245 1 0 _aAdsız ülke /
_cAlain-Fournier
260 _aİstanbul :
_bCan Sanat,
_c2022
300 _a237 sayfa ;
_c21 cm
650 0 4 _aFransız edebiyatı, roman
942 _2ddc
_cBK
999 _c8731
_d8731
900 _bGizem YORULMAZ